800,000,000 : The real China
About the history, civilization, cultural, life custom and social of China
Gorde:
| Egile nagusia: | |
|---|---|
| Formatua: | Liburua |
| Hizkuntza: | Undetermined |
| Argitaratua: |
Boston
Little, Brown and Company
1971
|
| Gaiak: | |
| Etiketak: |
Etiketa erantsi
Etiketarik gabe, Izan zaitez lehena erregistro honi etiketa jartzen!
|
| Thư viện lưu trữ: | Trung tâm Học liệu Trường Đại học Cần Thơ |
|---|
| LEADER | 00627nam a2200217Ia 4500 | ||
|---|---|---|---|
| 001 | CTU_221572 | ||
| 008 | 210402s9999 xx 000 0 und d | ||
| 082 | |a 915.1 | ||
| 082 | |b T326 | ||
| 100 | |a Terrill, Ross | ||
| 245 | 0 | |a 800,000,000 : | |
| 245 | 4 | |b The real China | |
| 245 | 0 | |c Ross Terrill | |
| 260 | |a Boston | ||
| 260 | |b Little, Brown and Company | ||
| 260 | |c 1971 | ||
| 520 | |a About the history, civilization, cultural, life custom and social of China | ||
| 650 | |a Trung Quốc,China | ||
| 650 | |x Văn minh,Civilization | ||
| 904 | |i Nguyên | ||
| 980 | |a Trung tâm Học liệu Trường Đại học Cần Thơ | ||